000 00252nam a22001217a 4500
041 _aENG
100 _aPatel.R.C
245 _aMachine Design Vol 2
260 _aDelhi
_bC.Jamnadas & Co
_c1996
300 _a264
650 _aFMP
856 _uFMP ( 23 )
999 _c1356
_d1356